000 00683nam a22002292a 4500
001 11922
003 BD-RjUL
005 20211208235214.0
008 140127s1962 enkab 000 0 eng d
035 _aOCLC ocm00261705 from D960424M
_a(BD-RjUL)11971
040 _aURB
_cURB
_dUKM
_dEQO
_dBD-RjUL
_beng
041 _aeng
082 _a572.99622
_218
_bMAI 1962
090 _aDU900
_b.M3 1962
100 1 _aMarshall, Donald
_d1919-2005
_936959
245 1 0 _aIsland of Passion:
_bRa'ivavae. /
_c Donald Marshall,
260 _aLondon :
_bG. Allen & Unwin,
_c1962
300 _a301 p. :
_billus.map,
_c22 cm.
651 0 _aRaevavae Island
_936960
942 _2ddc
_cBK
999 _c11922
_d11922